00554nam a2200193 a 450000500170000000800410001702000180005805000240007610000200010024500640012025000120018426000380019630000220023452100090025665000290026565000260029470000170032070000230033720140311163024.0070914s19uu xx 00 eng d a9780071254281 aHD 58.6b.L671 2007 aLewicki, Roy J. aNegotiation :breadings, exercises, cases /cRoy J. Lewicki a5th ed. aU.S.A :bMcGraw-Hill, Inc,c2007. a294 p. :c24 cm.  aBSBA aNegotiation in business. aPersonnel management. aBarry, Bruce aSaunders, David M.